000
00246nam a22001097a 4500
008
170111b xxu||||| |||| 00| 0 eng d
020
_a
9780470457962
041
_a
eng
080
_a
618.2
245
_a
EDUCATING NURSES
_c
BENNER, P
942
_2
udc
_c
BK
999
_c
2724
_d
2724